| 000 | 00497nam a2200169Ia 4500 | ||
|---|---|---|---|
| 999 |
_c18714 _d18714 |
||
| 003 | OSt | ||
| 005 | 20200707105746.0 | ||
| 008 | 190216s9999||||xx |||||||||||||| ||und|| | ||
| 040 | _coclc | ||
| 082 |
_a973 _bFAU/A |
||
| 100 |
_aFaulkner, Harold Underwood _93590 |
||
| 245 | 0 |
_aAmerican Economic History / _cHarold Underwood Faulkner |
|
| 250 | _a8th Ed. | ||
| 260 |
_bUniversal Bookstall, _c1967. _aNewdelhi: |
||
| 300 | _a816p | ||
| 942 |
_cBK _2ddc _h973 _iFAU/A _k973 _mFAU/A |
||